Представление документа в формате RUSMARC

ПолеНазваниеЗначение
  Тип записи a
  Библиографический уровень a
001 Контрольный номер UONB/MAIN/95b7fe1d44a5419fba242f928abaaa0c
005 Дата корректировки 20260430100956.5
100 Данные общей обработки __
a Данные общей обработки 20260428 ||| 0rusy0189 ca
101 Язык документа 0_
a Язык текста rus
102 Страна публикации __
a Страна публикации RU
200 Заглавие и сведения об ответственности 1_
a Заглавие Хранители памяти и традиций
f Первые сведения об ответственности О. Кузнецова
203 Вид содержания и тип средства __
a Вид содержания Текст
b Характеристика содержания визуальный
c Тип средства непосредственный
215 Физическое описание __
c Иллюстрации/тип воспроизводства ил., портр.
330 Аннотация __
a Аннотация Труженики тыла, дети войны - жители Павловского района.
461 Уровень набора _0
1 2000
a Искра
463 Уровень физической единицы _0
1 2000
a № 16 (9955) (22 апреля)
v С. 6
1 2101
d 2026
1 001UONB/MAIN/4e502b2d785443539b6c90f58ac232c9
600 Персоналии _1
a Персоналии (Фамилия) Яфарова
b Персоналии (Имя, инициалы) Р. У.
g Полное имя Разия Умяровна
600 Персоналии _1
a Персоналии (Фамилия) Борзенкова
b Персоналии (Имя, инициалы) Е. Ф.
g Полное имя Елена Фёдоровна
600 Персоналии _1
a Персоналии (Фамилия) Тихомолов
b Персоналии (Имя, инициалы) А. И.
g Полное имя Алексей Иванович
600 Персоналии _1
a Персоналии (Фамилия) Левочкина
b Персоналии (Имя, инициалы) М. И.
g Полное имя Мария Ивановна
600 Персоналии _1
a Персоналии (Фамилия) Истрашкина
b Персоналии (Имя, инициалы) Е. С.
g Полное имя Елена Семёновна
600 Персоналии _1
a Персоналии (Фамилия) Шепелева
b Персоналии (Имя, инициалы) А. И.
g Полное имя Анна Ивановна
600 Персоналии _1
a Персоналии (Фамилия) Ионова
b Персоналии (Имя, инициалы) М. А.
g Полное имя Мария Александровна
607 Географические рубрики __
a Географическое наименование Павловский район (Ульяновская область)
610 Ключевые слова 0_
a Ключевые слова труженики тыла; дети войны; ветераны труда
686 Индексы других классификаций __
2 Код системы rubbk
a Классификационный индекс 63.372.278
700 Автор _1
a Фамилия Кузнецова
b Имя (инициалы) О.
g Полное личное имя Ольга
801 Источник записи _0
a Страна RU
b Организация Ульяновская ОНБ
c Дата составления 20260428
g Правила каталогизации RCR
801 Источник записи _1
a Страна RU
b Организация Ульяновская ОНБ
c Дата составления 20260428
g Правила каталогизации RCR
901 Тип документа __
t Тип документа f
w Контрольный № источника UONB/MAIN/4e502b2d785443539b6c90f58ac232c9
909 Создатель записи __
a Создатель записи Мухаметжанова
b Дата создания записи 20260428